000 00703nam a2200193 a 4500
001 000041411
005 20201002034851.0
008 131002s1992 sp ab 000 0 spa d
020 _a8400072456
100 1 _aFrías Núñez, Marcelo
_968070
245 1 0 _aEnfermedad y Sociedad en la crisis colonial del antiguo régimen.
260 _aCSIC,
_c1992.
300 _a273 p. :
_bil., mapa ;
_c19 cm.
490 1 _aCuadernos Galileo de historia de la Ciencia
_v13
504 _aIncluye referencias bibliográficas y notas al pie de la páginas
710 2 _aConsejo Superior de Investigaciones Científicas
_94786
830 0 _aCuadernos Galileo de historia de la Ciencia
_n13
_968071
999 _c40901
_d40901
040 _aDO-SdBNP